LEADER 01213nam--2200409---450- 001 990006000600203316 005 20150127114909.0 035 $a000600060 035 $aUSA01000600060 035 $a(ALEPH)000600060USA01 035 $a000600060 100 $a20150127d1970----km-y0itay50------ba 101 $alat$afre 102 $aIT 105 $a||||||||001yy 200 1 $a<> Fastes, tome II$fOvide$gtexte établi, traduction et commentaire par Henri Le Bonniec 210 $aBologna$cPātron$d1970 215 $a263 p.$cill.$d24 cm 225 2 $aPoetes du monde latin$v3 410 0$12001$aPoetes du monde latin$v3 454 1$12001 461 1$1001-------$12001 604 0 $aOvidio Nasone, Publio . Fasti$2BNCF 676 $a871.01 700 1$aOVIDIUS NASO,$bPublius$0154954 702 1$aLE BONNIEC,$bHenri 801 0$aIT$bsalbc$gISBD 912 $a990006000600203316 951 $aFL 44,9$b303 DSA/IFCL 959 $aBK 969 $aDSA 979 $aDSA$b90$c20150127$lUSA01$h1139 979 $aDSA$b90$c20150127$lUSA01$h1143 979 $aDSA$b90$c20150127$lUSA01$h1147 979 $aDSA$b90$c20150127$lUSA01$h1149 996 $aFastes, tome II$91078815 997 $aUNISA